[Event "AUTO-ADV-4938"]
[Site "http://www.queenalice.com/game.php?id=1874170"]
[Date "2026.5.30"]
[Round "1"]
[White "shmurtz91"]
[Black "mvson33"]
[Result "1-0"]
[WhiteElo "1963"]
[BlackElo "1809"]

1. Nf3 d5 2. d4 Nf6 3. c4 e6 4. a3 Be7 5. Nc3 O-O 6. cxd5 exd5 7. e3 Nc6 8. h3
Bd7 9. Bd3 Re8 10. Bc2 Na5 11. b4 Nc4 12. Bb3 Be6 13. O-O c6 14. Re1 Qc7 15. Qd3
Nd6 16. Bc2 Bf5 17. e4 Ndxe4 18. Ne5 Bg6 19. Nxg6 fxg6 20. Ne2 Bd6 21. Bd2 Bh2+
22. Kf1 Nxd2+ 23. Qxd2 Bd6 24. Rac1 Qd7 25. h4 Ne4 26. Qd3 Rf8 27. f3 Ng3+ 28.
Kg1 Nxe2+ 29. Rxe2 Rae8 30. Rf2 Bc7 31. Rcf1 Qf5 32. f4 Qxd3 33. Bxd3 Rf6 34.
Rf3 Ref8 35. g3 Bb6 36. Kg2 Bxd4 37. g4 R6f7 38. g5 b6 39. Kg3 Bb2 40. Bb1 d4
41. Kg4 c5 42. h5 gxh5+ 43. Kxh5 Bc3 44. Bxh7+ Kxh7 45. g6+ Kg8 46. gxf7+ Rxf7
47. bxc5 bxc5 48. Kg4 Rb7 49. f5 Rb3 50. f6 gxf6 51. Kf5 Rxa3 52. Kxf6 Ra6+ 53.
Ke7 Rg6 54. Rf8+ Kg7 55. Rh1 a5 56. Rhh8 1-0